| 000 | 01570nam a2200277 u 4500 | ||
|---|---|---|---|
| 001 | 000616265 | ||
| 003 | AM-YeHGA | ||
| 005 | 20250617135830.0 | ||
| 008 | 081201s1984 ||||||||r|||||000|0|rus|d | ||
| 040 | _aAM-YeHGA | ||
| 041 | 0 | _arus | |
| 245 | 0 | 0 |
_aВопросы эндокринологии : _bТезисы конференции эндокринологов, X. Посвящается 80-летию со дня рождения В. Н. Пашкова (1904-1969) / _cОтв. ред. В. Саарма ; Тартуский государственный университет, МЗ ЭССР, Общество эндокринологов ЭССР. |
| 246 | 1 | 5 | _aActa endocrinologica |
| 260 |
_aТарту : _bТГУ, _c1984. |
||
| 300 |
_a227 с. ; _c20 см. |
||
| 650 | 1 | 4 | _aЭндокринология |
| 650 | 1 | 4 |
_aЭндокринной системы болезни _xЭтиология _xДиагноз _xТерапия |
| 650 | 1 | 4 |
_aДиабет сахарный _xИммунология _xДиагноз _xТерапия |
| 650 | 1 | 4 |
_aЩитовидной железы болезни _xКлассификация _xДиагноз _aИммунология |
| 700 | 1 |
_aСаарма, В. _eред. _4edt |
|
| 710 | 2 | _aТартуский государственный университет | |
| 710 | 2 | _aМинистерство здравоохранения ЭССР | |
| 710 | 2 | _aОбщество эндокринологов ЭССР | |
| 711 | 2 |
_aКонференция эндокринологов _n(10 ; _d1984 ; _cТарту) |
|
| 090 | _c209518 | ||
| 999 |
_c208014 _d208014 |
||